000 00830nas a2200265 4500
001 BR0807860
003 BR-BrBNA
005 20231205112743.0
007 ta
008 230509b bl.|||p| |||| 00| 00por d
040 _aBR-BrBNA
_bpor
_cBiblioteca Nacional de Agricultura
041 _a(Pt)
072 _aL50; L40
100 1 _aPinto, M.R.A.
100 1 _aRibeiro, A.A.C.M.
100 1 _aSouza, W.M. de
245 1 _aOs arranjos configurados pela artéria celíaca no pato doméstico (Airina moshata)
650 _aPATO
650 _aBIOLOGIA ANIMAL
650 _aANATOMIA ANIMAL
650 _aARTÉRIA
773 0 _tBrazilian Journal of Veterinary Research and Animal Science (Brazil)
_xISSN 1413-9596
_g(1998), v. 35(1/6) p. 103-106
_wBR0807860
909 _a202311
_bLúcia
_c55
_dLúcia Elande
942 _2AGRIS
_n0
_cANA
999 _c199783
_d199783